000 004470000a22001690004500
003 MACL
005 20160110134508.0
008 160110b xxu||||| |||| 00| 0 eng d
040 _aMACL
_cMACL
041 _aEnglish
082 _a621.2/JAG
100 _aLal, Dr Jagdish
_927399
245 _aHydralic Machines
_bIn MKS Units
260 _bMetropolitan Book Co P Ltd
_c1968
_aDelhi
650 _aApplied Physics
_96477
942 _cBK
_k621.2/LAL
_2ddc
999 _c35439
_d35439